Dogku / Andrew Clements ; illustrations by Tim ... Read More
Available copies
- 1 of 1 copy available at LARL/NWRL Consortium.
Current holds
0 current holds with 1 total copy.
Show Only Available Copies
| Location | Call Number / Copy Notes | Barcode | Shelving Location | Status | Due Date |
|---|---|---|---|---|---|
| Warroad Public Library | e 811.54 CLE (Text) | 35500004136709 | Main | Available | - |
Record details
- ISBN: 9780689858239 (hc.)
- ISBN: 068985823X (hc.)
- ISBN: 9781428748644 (BWI bdg.)
- ISBN: 1428748644 (BWI bdg.)
- Physical Description: 1 v. (unpaged) : col. ill. ; 23 x 26 cm.
- Edition: 1st ed.
- Publisher: New York : Simon & Schuster Books for Young Readers, c2007.
Content descriptions
| Summary, etc.: | A haiku poem about a loveable dog. |
Search for related items by subject
| Subject: | Haiku, American Children's poetry, American. Dogs > Juvenile poetry. Haiku. American poetry. Dogs > Poetry. |
| Genre: | Picture books for children. |
| LDR | 01432cam a22004094a 4500 | ||
|---|---|---|---|
| 001 | 84880 | ||
| 003 | LARL_NWRL_CONSORTIUM | ||
| 005 | 20071009113133.0 | ||
| 008 | 060203s2007 nyua 000 0 eng | ||
| 010 | . | ‡a2006003691 | |
| 020 | . | ‡a9780689858239 (hc.) | |
| 020 | . | ‡a068985823X (hc.) | |
| 020 | . | ‡a9781428748644 (BWI bdg.) | |
| 020 | . | ‡a1428748644 (BWI bdg.) | |
| 035 | . | ‡a(OCoLC)63679975 | |
| 040 | . | ‡aDLC ‡cDLC ‡dBKX ‡dBTCTA ‡dBAKER ‡dIEF ‡dEHH | |
| 042 | . | ‡apcc ‡alcac | |
| 082 | 0 | 0. | ‡a811/.54 ‡222 |
| 100 | 1 | . | ‡aClements, Andrew, ‡d1949- ‡0(LARL_NWRL_CONSORTIUM)99797 |
| 245 | 1 | 0. | ‡aDogku / ‡cAndrew Clements ; illustrations by Tim Bowers. |
| 250 | . | ‡a1st ed. | |
| 260 | . | ‡aNew York : ‡bSimon & Schuster Books for Young Readers, ‡cc2007. | |
| 300 | . | ‡a1 v. (unpaged) : ‡bcol. ill. ; ‡c23 x 26 cm. | |
| 520 | . | ‡aA haiku poem about a loveable dog. | |
| 650 | 0. | ‡aHaiku, American ‡0(LARL_NWRL_CONSORTIUM)21793 | |
| 650 | 0. | ‡aChildren's poetry, American. ‡0(LARL_NWRL_CONSORTIUM)16454 | |
| 650 | 0. | ‡aDogs ‡vJuvenile poetry. ‡0(LARL_NWRL_CONSORTIUM)171978 | |
| 650 | 1. | ‡aHaiku. ‡0(LARL_NWRL_CONSORTIUM)21792 | |
| 650 | 1. | ‡aAmerican poetry. ‡0(LARL_NWRL_CONSORTIUM)13411 | |
| 650 | 1. | ‡aDogs ‡vPoetry. ‡0(LARL_NWRL_CONSORTIUM)164651 | |
| 655 | 0. | ‡aPicture books for children. | |
| 700 | 1 | . | ‡aBowers, Tim. ‡0(LARL_NWRL_CONSORTIUM)76329 |
| 901 | . | ‡a84880 ‡bOCLC ‡c84880 ‡tbiblio | |

Add to basket
Permalink
Disable Highlighting